| 000 | 01059nam a22003137a 4500 | ||
|---|---|---|---|
| 001 | 5431 | ||
| 003 | FISKH | ||
| 005 | 20241206113226.0 | ||
| 008 | 241206b cb ||||| |||| 00| 0 eng d | ||
| 020 | _a9780545909723 | ||
| 040 |
_aFISKH _beng _cFISKH _dFISKH |
||
| 050 | _aE178.3 | ||
| 082 | _a973 | ||
| 100 | _aWilliams, Dinah | ||
| 245 |
_aAwful events in American history / _cby Dinah Williams |
||
| 250 | _aFirst edition, September 2016 | ||
| 260 |
_aNew York : _bScholastic ; _c2016. |
||
| 300 |
_a188 pages : _billustrations ; _c24 cm . |
||
| 490 | _aTerrible but true | ||
| 505 | _aZ | ||
| 520 | _aUncovers dark, bizarre stories in America's history, from the nation's first serial killers and deadly vampire-like diseases to haunted ghost ships and vicious river pirates. | ||
| 521 | 8 |
_a1010
_bLexile estimate |
|
| 521 | 8 |
_aZ
_bRaz-Plus |
|
| 650 |
_afashion-or-textile-mills _vNon-fiction |
||
| 650 |
_ahistorical events _vNon-fiction |
||
| 700 |
_aSabato, Nancy _eBook designer |
||
| 942 |
_2ddc _cBK _n0 |
||
| 999 |
_c5431 _d5431 |
||